[Event "Lichtenberger Sommer 2017"]
[Site "Berlin"]
[Date "2017.08.25"]
[Round "7.63"]
[White "Kötz, Andreas"]
[Black "Pixa, Ulrich"]
[Result "1-0"]
[WhiteElo "1997"]
[BlackElo "1598"]
[PlyCount "95"]
[EventDate "2017.??.??"]
[WhiteTeam "SC Zitadelle Spandau"]
[BlackTeam "SV Mattnetz Berlin"]

1. d4 Nf6 2. c4 e6 3. g3 d5 4. Nf3 Be7 5. Bg2 O-O 6. O-O dxc4 7. Qc2 a6 8. Qxc4
b5 9. Qc2 Bb7 10. Bd2 Be4 11. Qc1 Bb7 12. a3 Nbd7 13. Ba5 Rc8 14. Nbd2 Nb6 15.
Nb3 Nc4 16. Bb4 Nd7 17. Rd1 Bxb4 18. axb4 c6 19. Nc5 Qc7 20. b3 Ncb6 21. Qc2
Nd5 22. Qd2 Ra8 23. Rdc1 Rfc8 24. e4 N5f6 25. Ne1 Nb6 26. Qc3 h6 27. Ned3 Kh8
28. Nxb7 Qxb7 29. Nc5 Qe7 30. Rxa6 Rxa6 31. Nxa6 Ra8 32. Ra1 Qb7 33. Nc5 Qc8
34. Ra5 Kg8 35. Qa1 Kf8 36. Nd3 Nfd7 37. e5 Rxa5 38. bxa5 Nd5 39. b4 f6 40.
exf6 gxf6 41. Bh3 Kf7 42. Qe1 Nf8 43. f4 Qd7 44. Bg4 Ne7 45. Qe4 Nf5 46. Nc5
Qxd4+ 47. Qxd4 Nxd4 48. a6 1-0

[Event "Lichtenberger Sommer 2017"]
[Site "Berlin"]
[Date "2017.08.25"]
[Round "7.64"]
[White "Badestein, Hartmut"]
[Black "Kohlmeyer, Dagobert"]
[Result "1/2-1/2"]
[WhiteElo "2046"]
[BlackElo "1888"]
[PlyCount "42"]
[EventDate "2017.??.??"]
[WhiteTeam "SC Friesen Lichtenberg"]
[BlackTeam "SC Rochade (Berlin)"]

1. e4 e6 2. d4 d5 3. Nc3 Bb4 4. exd5 exd5 5. Bd3 Qe7+ 6. Nge2 Nf6 7. O-O O-O 8.
Bg5 c6 9. Re1 Be6 10. Ng3 Nbd7 11. a3 Bxc3 12. bxc3 h6 13. Bd2 Qd6 14. Qc1 Rfe8
15. Bf4 Qf8 16. a4 b6 17. h3 a5 18. Qd2 Rec8 19. Qe2 c5 20. Qf3 c4 21. Bf5 Rc6
1/2-1/2

[Event "Lichtenberger Sommer 2017"]
[Site "Berlin"]
[Date "2017.08.25"]
[Round "7.65"]
[White "Rehmsmeier, Marc"]
[Black "Schubert, Joachim"]
[Result "1-0"]
[WhiteElo "1698"]
[BlackElo "1893"]
[PlyCount "43"]
[EventDate "2017.??.??"]
[WhiteTeam "vereinslos"]
[BlackTeam "SC Friesen Lichtenberg"]

1. d4 f5 2. g3 Nf6 3. Bg2 e6 4. c4 Be7 5. Nf3 O-O 6. O-O c6 7. Nbd2 d6 8. Qc2
Nbd7 9. e4 fxe4 10. Ng5 Nb6 11. Bh3 e5 12. dxe5 Bxh3 13. exf6 Bxf1 14. Qxe4 g6
15. Qe6+ Kh8 16. fxe7 Qe8 17. exf8=Q+ Qxf8 18. b3 Qg7 19. Rb1 d5 20. Nf7+ Kg8
21. Nd8+ Kf8 22. Ba3+ 1-0

[Event "Lichtenberger Sommer 2017"]
[Site "Berlin"]
[Date "2017.08.25"]
[Round "7.66"]
[White "Willich, Manfred"]
[Black "Kujawa, Werner"]
[Result "1-0"]
[WhiteElo "1961"]
[BlackElo "1756"]
[PlyCount "72"]
[EventDate "2017.??.??"]
[WhiteTeam "SK Turm Bad Hersfeld"]
[BlackTeam "SV Motor Wildau"]

1. d4 Nf6 2. c4 c5 3. Nf3 cxd4 4. Nxd4 g6 5. Nc3 Bg7 6. e4 d6 7. Be2 O-O 8. O-O
Nbd7 9. Kh1 Nc5 10. f3 a5 11. Be3 a4 12. Qd2 Re8 13. Rfd1 Ne6 14. Nc2 Bd7 15.
Rab1 Qc7 16. Qe1 Bc6 17. Qf2 Nd7 18. Nd5 Bxd5 19. cxd5 Nec5 20. Na3 Qb8 21. Bb5
Rc8 22. Nc4 Qc7 23. b4 axb3 24. axb3 Ne5 25. Nxe5 Bxe5 26. b4 Na4 27. Rdc1 Nc3
28. Bf1 Qb8 29. Rb3 Ra4 30. Bd4 Bxd4 31. Qxd4 Na2 32. Ra1 Qa8 33. Qb2 Nc1 34.
Rxc1 Rxc1 35. Qxc1 Ra1 36. Rb1 Ra4 1-0

[Event "Lichtenberger Sommer 2017"]
[Site "Berlin"]
[Date "2017.08.25"]
[Round "7.67"]
[White "Ziems, Michael"]
[Black "Mueller, Jörg René"]
[Result "1-0"]
[WhiteElo "1816"]
[BlackElo "1553"]
[PlyCount "70"]
[EventDate "2017.??.??"]
[WhiteTeam "SV Empor Berlin"]
[BlackTeam "SC Zugzwang 95 (Berlin)"]

1. d4 g6 2. c4 Bg7 3. Nc3 e6 4. Nf3 Nf6 5. Bf4 O-O 6. h3 c6 7. Bd6 Re8 8. e3
Bf8 9. Bxf8 Kxf8 10. Be2 Kg7 11. e4 d5 12. e5 Ng8 13. h4 h6 14. g4 Nd7 15. Qc2
Nb6 16. c5 Nd7 17. Nd2 b6 18. b4 a6 19. f4 f5 20. gxf5 exf5 21. h5 Ne7 22. Nf3
Nf8 23. Kf2 Nh7 24. Rag1 Rg8 25. hxg6 Nf8 26. Bd3 bxc5 27. bxc5 Rb8 28. Ke3
Nfxg6 29. Qh2 Rh8 30. Qh4 Qf8 31. Na4 Kh7 32. Qh5 Rg8 33. Nb6 Be6 34. Ng5+ Kh8
35. Nxe6 Qf7 1-0

[Event "Lichtenberger Sommer 2017"]
[Site "Berlin"]
[Date "2017.08.25"]
[Round "7.68"]
[White "Mayer, Herbert"]
[Black "Keusch, Horst"]
[Result "0-1"]
[WhiteElo "1867"]
[BlackElo "1976"]
[PlyCount "102"]
[EventDate "2017.??.??"]
[WhiteTeam "SC Rochade (Berlin)"]
[BlackTeam "SC Eintracht Berlin"]

1. b3 d5 2. f4 Nf6 3. Nf3 g6 4. Bb2 Bg7 5. e3 O-O 6. c4 c6 7. Nc3 Bg4 8. h3 Bf5
9. Nd4 Bc8 10. Nf3 Ne4 11. cxd5 cxd5 12. g4 Ng3 13. Rg1 Nxf1 14. Kxf1 Nc6 15.
d4 b6 16. Kg2 Ba6 17. Ne5 Rc8 18. Nxc6 Rxc6 19. Rc1 Qd7 20. Qd2 Rfc8 21. Kf2 e6
22. Ne2 Bf6 23. g5 Be7 24. Rxc6 Rxc6 25. Rc1 Kg7 26. Rxc6 Qxc6 27. Qc1 Qb5 28.
Nc3 Qd3 29. Qd1 Qf5 30. Kg3 Bd6 31. Qb1 Qxg5+ 32. Kh2 Qh4 33. Qg1 Bd3 34. Nd1
Bf5 35. Nf2 h5 36. Bc3 Qd8 37. Kh1 Qc8 38. Qe1 Qa6 39. e4 dxe4 40. d5+ Kg8 41.
dxe6 Bxe6 42. Qd2 e3 43. Qxe3 Qb7+ 44. Kg1 Qd5 45. b4 Qc4 46. Qf3 Qxf4 47. Qa8+
Bb8 48. Qb7 Qc7 49. Qf3 Qh2+ 50. Kf1 Qf4 51. Qc6 Bd6 0-1

[Event "Lichtenberger Sommer 2017"]
[Site "Berlin"]
[Date "2017.08.25"]
[Round "7.69"]
[White "Dellert, Lena"]
[Black "Matthes, Aaron"]
[Result "1-0"]
[WhiteElo "1851"]
[BlackElo "1736"]
[PlyCount "51"]
[EventDate "2017.??.??"]
[WhiteTeam "SF Wadgassen"]
[BlackTeam "SC Oranienburg"]

1. e4 e6 2. d4 d5 3. Nd2 c5 4. exd5 exd5 5. Ngf3 Nf6 6. Be2 Be7 7. dxc5 Bxc5 8.
Nb3 Bb6 9. O-O O-O 10. c3 Bg4 11. h3 Bh5 12. Bg5 Re8 13. Re1 Nc6 14. Bxf6 gxf6
15. Qd2 Qd7 16. Rad1 Rad8 17. Qf4 Re6 18. Nfd4 Nxd4 19. Nxd4 Bxd4 20. Bxh5
Rxe1+ 21. Rxe1 Be5 22. Qh6 Qd6 23. Bg4 Qf8 24. Qh4 d4 25. Bf5 Qg7 26. Rxe5 1-0

[Event "Lichtenberger Sommer 2017"]
[Site "Berlin"]
[Date "2017.08.25"]
[Round "7.70"]
[White "Schneider, Eckehard"]
[Black "Lehmkuhl, Stefan"]
[Result "1-0"]
[WhiteElo "1792"]
[BlackElo "1873"]
[PlyCount "59"]
[EventDate "2017.??.??"]
[WhiteTeam "SF 1903 Berlin"]
[BlackTeam "Breloher SC"]

1. e4 c6 2. d4 d6 3. Nc3 Nf6 4. f4 e5 5. dxe5 dxe5 6. Qxd8+ Kxd8 7. fxe5 Ng4 8.
Nf3 Nd7 9. Bf4 Bc5 10. Bg3 Ne3 11. Kd2 Nb6 12. Re1 Nxf1+ 13. Rhxf1 h6 14. Kc1
Bb4 15. Re3 Be6 16. Nd4 Bc4 17. Rd1 Ke8 18. Nf5 Bc5 19. Rf3 Kf8 20. Nd6 Bxd6
21. exd6 Be6 22. Rdf1 Ke8 23. b3 Nd7 24. Ne2 Nc5 25. Nd4 Nxe4 26. Nxe6 fxe6 27.
Be5 Ng5 28. Rf4 Nh7 29. Bxg7 Rg8 30. Rf7 1-0

[Event "Lichtenberger Sommer 2017"]
[Site "Berlin"]
[Date "2017.08.25"]
[Round "7.71"]
[White "Junge, Wolfgang"]
[Black "Bastian, Reinhard"]
[Result "1-0"]
[WhiteElo "1853"]
[BlackElo "1675"]
[PlyCount "83"]
[EventDate "2017.??.??"]
[WhiteTeam "SC Friesen Lichtenberg"]
[BlackTeam "vereinslos"]

1. d4 e6 2. c4 f5 3. g3 Nf6 4. Bg2 d5 5. Nc3 c6 6. cxd5 exd5 7. e3 Bd6 8. Nge2
O-O 9. O-O Qe7 10. a3 a5 11. Qc2 Na6 12. Na4 Bc7 13. Bd2 Ne4 14. Be1 Re8 15.
Rb1 Bd7 16. b4 b5 17. Nc5 Naxc5 18. bxc5 Bc8 19. f3 Nf6 20. Bd2 Ba6 21. Rfe1 b4
22. Qxf5 Bc4 23. axb4 axb4 24. Nc1 Ra3 25. e4 g6 26. Qg5 b3 27. e5 Nd7 28. Qxe7
Rxe7 29. Bb4 Ra4 30. Bc3 Ra3 31. Bb2 Ra4 32. Ra1 Rxa1 33. Bxa1 Ba5 34. Rd1 Bb4
35. Bh3 Ba3 36. e6 Nf8 37. Nxb3 Bxb3 38. Rd3 Bxc5 39. Rxb3 Ba7 40. Kf1 Nxe6 41.
Bxe6+ Rxe6 42. Rb7 1-0

[Event "Lichtenberger Sommer 2017"]
[Site "Berlin"]
[Date "2017.08.25"]
[Round "7.72"]
[White "Ni Mhuireagain, Eibhia"]
[Black "Matitschka, Johannes"]
[Result "1/2-1/2"]
[WhiteElo "1521"]
[BlackElo "1780"]
[PlyCount "125"]
[EventDate "2017.??.??"]
[WhiteTeam "The Ross Chess Club"]
[BlackTeam "TSG Oberschöneweide"]

1. e4 c5 2. c3 d6 3. d4 cxd4 4. cxd4 g6 5. Nc3 Bg7 6. Nf3 Nf6 7. h3 O-O 8. Bd3
Nc6 9. O-O b6 10. Be3 Bb7 11. Rc1 Rc8 12. Bb1 Na5 13. b3 Qd7 14. Nh4 Rc7 15.
Qd2 Rfc8 16. f4 b5 17. Ne2 Rxc1 18. Rxc1 Rxc1+ 19. Nxc1 Qc7 20. d5 a6 21. Ne2
Bc8 22. Ng3 Nd7 23. Qf2 Nb7 24. Nf3 Qc3 25. Qd2 Nbc5 26. Ne2 Qxd2 27. Bxd2 Nf6
28. Ng3 Bb7 29. Be3 Nfd7 30. Nd4 Kf8 31. Bc2 h5 32. b4 Na4 33. Bxa4 bxa4 34.
Nge2 Nb6 35. Bf2 Nc4 36. Nc6 Nd2 37. Bh4 f6 38. e5 dxe5 39. fxe5 g5 40. exf6
Bxf6 41. Bf2 Ne4 42. Bd4 e6 43. Bxf6 Nxf6 44. Ned4 exd5 45. Ne6+ Ke8 46. Na5
Bc8 47. Nxg5 Kd7 48. Kf2 Kc7 49. Ke3 Bf5 50. Kf4 Bb1 51. a3 Ne4 52. Nxe4 Bxe4
53. g4 hxg4 54. hxg4 Bh7 55. Ke5 Bg8 56. g5 Bf7 57. Kd4 Kb6 58. g6 Bxg6 59.
Kxd5 Bh5 60. Nc4+ Kb5 61. Nd6+ Kb6 62. Nc4+ Kb5 63. Nd6+ 1/2-1/2

[Event "Lichtenberger Sommer 2017"]
[Site "Berlin"]
[Date "2017.08.25"]
[Round "7.73"]
[White "Schiller, Stephan"]
[Black "Seefeld, Marc"]
[Result "0-1"]
[WhiteElo "1584"]
[BlackElo "1924"]
[PlyCount "116"]
[EventDate "2017.??.??"]
[WhiteTeam "SV Motor Wildau"]
[BlackTeam "Läufer Reinickendorf"]

1. d4 d5 2. c4 e6 3. cxd5 exd5 4. Nf3 Nf6 5. g3 Bd6 6. Bg2 c6 7. Nc3 Bf5 8. Nh4
Bg6 9. Nxg6 hxg6 10. Qc2 Nbd7 11. Qb3 Qb6 12. Qxb6 Nxb6 13. b3 Bb4 14. Bd2 O-O
15. a3 Bxc3 16. Bxc3 Rfe8 17. e3 Ne4 18. Bxe4 dxe4 19. Ke2 Nd5 20. Bd2 Re6 21.
Rhf1 Rae8 22. Rac1 g5 23. g4 Rh6 24. Rh1 Rh3 25. Rcg1 Re6 26. Rg3 Rxg3 27. fxg3
Rh6 28. Kf2 Nf6 29. Kg2 Nxg4 30. h3 Nf6 31. Rf1 Nd5 32. Rf5 f6 33. Rf1 Kf7 34.
Rc1 Ke6 35. Rc5 Kd6 36. b4 b5 37. a4 a6 38. axb5 axb5 39. Rc2 Kc7 40. Ra2 Kb7
41. Ra3 Rh8 42. g4 Ra8 43. Rxa8 Kxa8 44. Kg3 Kb7 45. h4 Kc7 46. hxg5 fxg5 47.
Kh3 Kd6 48. Kg3 Nf6 49. Kh3 Kd5 50. Be1 Kc4 51. Bg3 Kxb4 52. Bd6+ Kc3 53. Bf8
Ne8 54. Bc5 b4 55. d5 cxd5 56. Kg2 b3 57. Kf2 Kc2 58. Bd4 b2 0-1

[Event "Lichtenberger Sommer 2017"]
[Site "Berlin"]
[Date "2017.08.25"]
[Round "7.74"]
[White "Möller, Dirk"]
[Black "Schmalzried, Volker"]
[Result "0-1"]
[WhiteElo "1555"]
[BlackElo "1858"]
[PlyCount "73"]
[EventDate "2017.??.??"]
[WhiteTeam "SC Kreuzberg"]
[BlackTeam "vereinslos"]

1. e4 c5 2. Nc3 Nc6 3. f4 g6 4. Nf3 Bg7 5. Bc4 d6 6. d3 Nf6 7. O-O O-O 8. Be3
a6 9. d4 Ng4 10. Bc1 cxd4 11. Ne2 e5 12. Ng3 Qb6 13. Kh1 Bh6 14. h3 Ne3 15.
Bxe3 dxe3 16. f5 Nd4 17. Nxd4 Qxd4 18. Qxd4 exd4 19. Rad1 b5 20. Bd5 Ra7 21.
Rxd4 Re7 22. Ne2 Re5 23. g4 Bg5 24. Kg2 Kg7 25. Kg3 h5 26. h4 Bd8 27. Rd3 hxg4
28. Kxg4 gxf5+ 29. exf5 Kf6 30. Ng3 Rg8+ 31. Kh3 e2 32. Re1 Bb6 33. Ne4+ Ke7
34. Rxe2 Bxf5+ 35. Kh2 Rg4 36. Bc6 Bxe4 37. Bxe4 0-1

[Event "Lichtenberger Sommer 2017"]
[Site "Berlin"]
[Date "2017.08.25"]
[Round "7.75"]
[White "Milare, Tyron"]
[Black "Winkler, Michael"]
[Result "1-0"]
[WhiteElo "1730"]
[BlackElo "1690"]
[PlyCount "71"]
[EventDate "2017.??.??"]
[WhiteTeam "Potsdamer SV"]
[BlackTeam "ESV Eberswalde"]

1. Nf3 d5 2. d4 Nf6 3. c4 c6 4. e3 Bg4 5. Nc3 e6 6. Be2 g6 7. O-O Bg7 8. c5
Nbd7 9. b4 Qc7 10. Bb2 Bf5 11. Nh4 Ne4 12. g4 g5 13. gxf5 Nxc3 14. Bxc3 gxh4
15. fxe6 fxe6 16. Bh5+ Ke7 17. f4 Rhg8 18. Kh1 Raf8 19. Qe1 Bf6 20. e4 Kd8 21.
e5 Be7 22. Qe2 Nb8 23. a4 Kc8 24. Bg4 Qd7 25. Rf2 Na6 26. Raf1 Nc7 27. b5 cxb5
28. Ba5 bxa4 29. f5 Qb5 30. Qxb5 Nxb5 31. f6 Rxg4 32. fxe7 Re8 33. Rf8 Rg8 34.
Rxg8 Kd7 35. Rxe8 Kxe8 36. Bd8 1-0

[Event "Lichtenberger Sommer 2017"]
[Site "Berlin"]
[Date "2017.08.25"]
[Round "7.76"]
[White "Papenhagen, Walter"]
[Black "Wimmer, Thomas"]
[Result "0-1"]
[WhiteElo "1584"]
[BlackElo "1878"]
[PlyCount "92"]
[EventDate "2017.??.??"]
[WhiteTeam "SF Friedrichshagen"]
[BlackTeam "SK Marburg"]

1. d4 Nf6 2. c4 g6 3. Nc3 Bg7 4. e4 d6 5. Be2 O-O 6. Nf3 e5 7. d5 Ne8 8. h3 f5
9. Bd3 Nf6 10. Bg5 h6 11. Bxf6 Rxf6 12. Qe2 Na6 13. O-O-O Nc5 14. Bc2 f4 15.
Nd2 a6 16. f3 Rf7 17. Qf2 Nd7 18. Rdg1 b5 19. Bd3 Nc5 20. Be2 bxc4 21. Bxc4 Rb8
22. Qe2 Kh7 23. Kc2 Qe8 24. Rb1 Na4 25. b3 Nb6 26. Bxa6 c6 27. Bxc8 Qxc8 28.
Nc4 cxd5 29. Nxb6 Rxb6 30. Kd2 dxe4 31. fxe4 Rc6 32. Rhc1 Rfc7 33. Qd3 Qa8 34.
Rb2 Qa7 35. Rbc2 h5 36. Nb5 Qf2+ 37. Kd1 Qg1+ 38. Kd2 Qxg2+ 39. Kd1 Qg1+ 40.
Kd2 Rxc2+ 41. Rxc2 Rxc2+ 42. Kxc2 Qg2+ 43. Kd1 f3 44. Nc3 f2 45. Ne2 f1=Q+ 46.
Kd2 Bh6+ 0-1

[Event "Lichtenberger Sommer 2017"]
[Site "Berlin"]
[Date "2017.08.25"]
[Round "7.77"]
[White "Bruening, Wolfgang"]
[Black "Tedesco, Gennaro"]
[Result "1-0"]
[WhiteElo "1791"]
[BlackElo "1613"]
[PlyCount "53"]
[EventDate "2017.??.??"]
[WhiteTeam "vereinslos"]
[BlackTeam "SC Kreuzberg"]

1. Nf3 Nf6 2. d4 g6 3. Nc3 Bg7 4. e4 d6 5. Be3 O-O 6. Qd2 Ng4 7. Bg5 h6 8. Bh4
g5 9. Bg3 e5 10. O-O-O exd4 11. Nxd4 Nc6 12. Nxc6 bxc6 13. f3 Ne5 14. f4 Ng6
15. f5 Ne5 16. Be2 Rb8 17. h4 f6 18. Bxe5 fxe5 19. Bc4+ Rf7 20. hxg5 Qxg5 21.
Qxg5 hxg5 22. Rh5 d5 23. exd5 Rxf5 24. d6+ Kf8 25. d7 Bxd7 26. Rxd7 Rf1+ 27.
Bxf1 1-0

[Event "Lichtenberger Sommer 2017"]
[Site "Berlin"]
[Date "2017.08.25"]
[Round "7.78"]
[White "Korell, Klaus-Peter"]
[Black "Gräbnitz, Marc-Florian"]
[Result "1-0"]
[WhiteElo "1852"]
[BlackElo "1465"]
[PlyCount "127"]
[EventDate "2017.??.??"]
[WhiteTeam "SG TT/Wiheil"]
[BlackTeam "SC Eintracht Berlin"]

1. d4 d5 2. c4 c6 3. Nc3 Nf6 4. Nf3 g6 5. Bf4 Bg7 6. e3 O-O 7. Bd3 Qb6 8. Qc2
Nbd7 9. O-O Re8 10. cxd5 Nxd5 11. Nxd5 cxd5 12. Rac1 e6 13. Bc7 Qb4 14. a3 Qe7
15. Bb5 a6 16. Qa4 Rf8 17. Ne5 Nxe5 18. dxe5 Qg5 19. f4 Qh4 20. g3 Qh3 21. Bd6
Rd8 22. Be7 Bd7 23. Bxd7 Rdb8 24. Rc7 Bf8 25. Bxf8 Kxf8 26. Qb4+ Kg7 27. Rxb7
Rd8 28. Qe7 Rab8 29. Rxb8 Rxb8 30. b4 Qg4 31. Qc5 h5 32. Qc1 h4 33. Qe1 Rd8 34.
Ba4 Rc8 35. Bd1 Qf5 36. g4 Qd3 37. Rf2 Rc1 38. Rd2 Qxa3 39. Rd4 h3 40. Kf2 Qb2+
41. Qd2 Qa3 42. Rd3 Qa1 43. Kg3 g5 44. Kxh3 Rc8 45. Kg3 Rh8 46. Qc3 Qa2 47. Rd2
Qb1 48. f5 Qe4 49. f6+ Kh6 50. Bf3 Qb1 51. Rd1 Qa2 52. Qd2 Qc4 53. Rc1 Qb3 54.
Rc7 Rf8 55. Qg2 Kg6 56. Qc2+ Qxc2 57. Rxc2 Rb8 58. Rb2 Kh7 59. Be2 Rb6 60. b5
axb5 61. Rxb5 Rc6 62. Bd3+ Kh6 63. Rb8 d4 64. Rh8# 1-0

[Event "Lichtenberger Sommer 2017"]
[Site "Berlin"]
[Date "2017.08.25"]
[Round "7.79"]
[White "Bollenbach, Horst"]
[Black "Jansen, Robert"]
[Result "1/2-1/2"]
[WhiteElo "1723"]
[BlackElo "1783"]
[PlyCount "137"]
[EventDate "2017.??.??"]
[WhiteTeam "SC Friesen Lichtenberg"]
[BlackTeam "SC Kreuzberg"]

1. c4 e5 2. g3 Nc6 3. Bg2 f5 4. e3 Nf6 5. Ne2 d5 6. cxd5 Nb4 7. O-O Nbxd5 8. a3
Bd6 9. d3 Be6 10. Nbc3 c6 11. Nxd5 Nxd5 12. Nc3 Nf6 13. b4 O-O 14. Bb2 Qe8 15.
Qe2 Rd8 16. Rfe1 Qg6 17. Rad1 Bc7 18. b5 e4 19. dxe4 fxe4 20. Rxd8 Rxd8 21. Qc2
Bf5 22. bxc6 bxc6 23. Ne2 Ng4 24. h3 Ne5 25. Nf4 Nf3+ 26. Bxf3 Bxf4 27. exf4
exf3 28. Qb3+ Kh8 29. Qxf3 Bxh3 30. Re7 Bg4 31. Bxg7+ Qxg7 32. Qe3 Qg6 33. Qe5+
Kg8 34. Kg2 Qh6 35. Re8+ Rxe8 36. Qxe8+ Qf8 37. Qxc6 h5 38. f3 Bf5 39. Qd5+ Qf7
40. Qd8+ Kh7 41. g4 hxg4 42. Qh4+ Kg7 43. Qg5+ Qg6 44. fxg4 Bxg4 45. Qxg6+ Kxg6
46. Kf2 Kf5 47. Ke3 Ke6 48. Kd4 Bf5 49. Kc5 Be4 50. Kc4 Kf5 51. Kb4 Bd3 52. Kc3
Bb5 53. Kb4 Bd7 54. Kc4 Ke4 55. f5 Bxf5 56. Kc3 Ke3 57. Kb2 Kd2 58. Ka2 Kc1 59.
a4 a5 60. Ka1 Bc2 61. Ka2 Bxa4 62. Ka1 Kc2 63. Ka2 Bb3+ 64. Ka1 Kc3 65. Kb1 Kb4
66. Kb2 a4 67. Ka1 a3 68. Kb1 Kc3 69. Ka1 1/2-1/2

[Event "Lichtenberger Sommer 2017"]
[Site "Berlin"]
[Date "2017.08.25"]
[Round "7.80"]
[White "Roloff, Karsten"]
[Black "Otter, Nils"]
[Result "0-1"]
[WhiteElo "1588"]
[BlackElo "1759"]
[PlyCount "78"]
[EventDate "2017.??.??"]
[WhiteTeam "Königsjäger Süd-West"]
[BlackTeam "Admira Villach"]

1. d4 Nf6 2. Bf4 e6 3. e3 c5 4. c3 b6 5. Nd2 Bb7 6. Ngf3 Be7 7. Bd3 d6 8. h3
Nbd7 9. O-O Rc8 10. Qe2 cxd4 11. exd4 O-O 12. Rfe1 d5 13. Ba6 Bxa6 14. Qxa6 Ra8
15. Ne5 Nxe5 16. Bxe5 Bd6 17. Qe2 Qc7 18. Bxf6 gxf6 19. Qg4+ Kh8 20. Qh4 Qe7
21. c4 Bb4 22. Rad1 dxc4 23. d5 Bxd2 24. Rxd2 b5 25. d6 Qd8 26. Re3 Rg8 27. Qd4
Rg6 28. Ra3 Qd7 29. Qc5 Qb7 30. g3 b4 31. Ra5 Qe4 32. Qd4 Qe1+ 33. Kg2 Rd8 34.
Rxa7 c3 35. bxc3 bxc3 36. Qxc3 Rxd6 37. Ra8+ Kg7 38. Rc2 Qe4+ 39. Kh2 Qxa8 0-1

[Event "Lichtenberger Sommer 2017"]
[Site "Berlin"]
[Date "2017.08.25"]
[Round "7.81"]
[White "Lange, Malina"]
[Black "Wolff, Marie Antoinette"]
[Result "0-1"]
[WhiteElo "1579"]
[BlackElo "1778"]
[PlyCount "92"]
[EventDate "2017.??.??"]
[WhiteTeam "TuS Makkabi Berlin"]
[BlackTeam "Leegebrucher SF"]

1. e4 c5 2. Nf3 Nc6 3. d4 cxd4 4. Nxd4 Nf6 5. Nc3 g6 6. Be2 Bg7 7. O-O O-O 8.
Be3 b6 9. Qd2 Bb7 10. f3 d6 11. Nb3 Rc8 12. Bh6 a6 13. Bxg7 Kxg7 14. Kh1 Ne5
15. f4 Nc4 16. Bxc4 Rxc4 17. e5 dxe5 18. Qxd8 Rxd8 19. fxe5 Ne4 20. Nxe4 Rxe4
21. Rae1 Rg4 22. Rf2 Rd5 23. h3 Rg5 24. e6 f6 25. c4 Rdf5 26. Rd2 Re5 27. Rxe5
fxe5 28. c5 bxc5 29. Nxc5 Bc6 30. Nxa6 e4 31. Nc7 e3 32. Re2 Kf6 33. Kh2 Kf5
34. g4+ Kf4 35. Rc2 Be4 36. Rc1 e2 37. Kg1 Ke3 38. Re1 h5 39. b4 hxg4 40. b5
gxh3+ 41. Kh2 Kf2 42. Rxe2+ Kxe2 43. Kxh3 Kf3 44. Kh2 Kf2 45. Kh3 Bf5+ 46. Kh4
Rh5# 0-1

[Event "Lichtenberger Sommer 2017"]
[Site "Berlin"]
[Date "2017.08.25"]
[Round "7.82"]
[White "Scholta, Danilo"]
[Black "Fock, Sana"]
[Result "0-1"]
[WhiteElo "1793"]
[BlackElo "1584"]
[PlyCount "144"]
[EventDate "2017.??.??"]
[WhiteTeam "SV Empor Berlin"]
[BlackTeam "SC Zugzwang 95 (Berlin)"]

1. e4 d5 2. exd5 Qxd5 3. d4 e5 4. Nc3 Bb4 5. Be3 Nf6 6. dxe5 Qxe5 7. Qd4 Bxc3+
8. bxc3 Nc6 9. Qxe5+ Nxe5 10. Be2 O-O 11. O-O-O Be6 12. Bd4 Ned7 13. a3 c5 14.
Bxf6 Nxf6 15. Bf3 Rab8 16. Ne2 b5 17. Nf4 Bg4 18. Bxg4 Nxg4 19. Rd2 b4 20. h3
Nf6 21. cxb4 cxb4 22. axb4 Rxb4 23. Nd5 Nxd5 24. Rxd5 Rfb8 25. Kd2 R4b5 26. Rd7
R5b7 27. Rd3 a5 28. Ra1 Ra7 29. Rda3 Rd8+ 30. Kc1 Rd5 31. c4 Rg5 32. g3 Rc5 33.
Rc3 Re7 34. Rb1 Re1+ 35. Kb2 Re2+ 36. Ka3 h6 37. Rb8+ Kh7 38. Rb2 Re4 39. Kb3
h5 40. Rd2 Re7 41. Rd5 Rb7+ 42. Kc2 Rbc7 43. Kd3 Rxd5+ 44. cxd5 Rxc3+ 45. Kxc3
Kg8 46. Kc4 Kf8 47. d6 Ke8 48. Kb5 Kd7 49. Kxa5 Kxd6 50. Kb4 Ke5 51. Kc3 Ke4
52. Kd2 Kf3 53. Ke1 Kg2 54. h4 Kf3 55. Kf1 f5 56. Kg1 f4 57. gxf4 Kxf4 58. Kh2
Kg4 59. Kg2 Kxh4 60. Kf3 Kg5 61. Kg3 h4+ 62. Kf3 g6 63. Kg2 Kf4 64. Kh3 g5 65.
Kg2 g4 66. Kh2 Kf3 67. Kg1 h3 68. Kh2 Kxf2 69. Kh1 Kg3 70. Kg1 h2+ 71. Kh1 Kf2
72. Kxh2 g3+ 0-1

[Event "Lichtenberger Sommer 2017"]
[Site "Berlin"]
[Date "2017.08.25"]
[Round "7.83"]
[White "Karyah, Thomas"]
[Black "David, Daniel"]
[Result "1-0"]
[WhiteElo "1664"]
[BlackElo "1392"]
[PlyCount "101"]
[EventDate "2017.??.??"]
[WhiteTeam "SC Zugzwang 95 (Berlin)"]
[BlackTeam "SC Erkrath"]

1. e4 e5 2. Nf3 Nf6 3. Nc3 Nc6 4. Bc4 h6 5. a3 d6 6. d3 Bg4 7. h3 Bh5 8. Be3
Na5 9. Ba2 c5 10. Nd5 Nxd5 11. Bxd5 Nc6 12. c3 a5 13. h4 Be7 14. Rg1 Bg4 15.
Qb3 Qc7 16. Bxf7+ Kd7 17. Nh2 h5 18. f3 Bxh4+ 19. g3 Bf6 20. fxg4 hxg4 21. Nxg4
Nd8 22. Nxf6+ gxf6 23. Rf1 Ke7 24. Be6 Nxe6 25. O-O-O Rag8 26. Rf5 Rxg3 27.
Rdf1 Rf8 28. Bd2 Rxd3 29. Rh1 Rf7 30. Rh8 c4 31. Qb5 Qc6 32. Qxa5 Qxe4 33. Qa8
Rf8 34. Rxf8 Nxf8 35. Rf2 Rf3 36. Qa7 Rh3 37. Rf1 Rh1 38. Qf2 Rxf1+ 39. Qxf1
Qd3 40. Qg2 Qg6 41. Qxb7+ Ke6 42. Qc8+ Ke7 43. Qxc4 Qg1+ 44. Kc2 Qg6+ 45. Kb3
Qg2 46. Qc7+ Nd7 47. Bh6 Qg8+ 48. c4 Qg3+ 49. Kb4 Qe1+ 50. Kb5 e4 51. Kc6 1-0

[Event "Lichtenberger Sommer 2017"]
[Site "Berlin"]
[Date "2017.08.25"]
[Round "7.84"]
[White "Fock, Amina"]
[Black "Polatel, Nur"]
[Result "1-0"]
[WhiteElo "1587"]
[BlackElo "1355"]
[PlyCount "81"]
[EventDate "2017.??.??"]
[WhiteTeam "SC Zugzwang 95 (Berlin)"]
[BlackTeam "SC Zugzwang 95 (Berlin)"]

1. e4 e5 2. Nf3 Nc6 3. Bb5 a6 4. Ba4 Nf6 5. O-O Be7 6. Re1 b5 7. Bb3 d6 8. c3
Nb8 9. d3 Nbd7 10. Nbd2 Nc5 11. Bc2 O-O 12. Nf1 Re8 13. Ne3 Bf8 14. b4 Ne6 15.
Nf5 Bb7 16. h3 c5 17. a3 Qc7 18. Bb2 Rec8 19. Rc1 a5 20. Bb1 Qb6 21. Qd2 Rd8
22. Qe3 Qc7 23. c4 Ba6 24. cxb5 Bxb5 25. bxc5 dxc5 26. Bxe5 Qb6 27. Nh6+ Kh8
28. Nxf7+ Kg8 29. Nxd8 Rxd8 30. Bxf6 gxf6 31. Nh4 Qc7 32. Nf5 c4 33. dxc4 Ba4
34. Ba2 Nc5 35. Rc3 Rd7 36. Nd4 Rg7 37. Nb5 Qe5 38. Qd4 Qh5 39. Qd5+ Qxd5 40.
exd5 Nd7 41. d6 1-0

[Event "Lichtenberger Sommer 2017"]
[Site "Berlin"]
[Date "2017.08.25"]
[Round "7.85"]
[White "Murat, Abylay"]
[Black "Klühs, Gustaf"]
[Result "1-0"]
[WhiteElo "1400"]
[BlackElo "1680"]
[PlyCount "109"]
[EventDate "2017.??.??"]
[WhiteTeam "vereinslos"]
[BlackTeam "Borussia Friedrichsfelde"]

1. e4 c5 2. Nf3 Nc6 3. c4 g6 4. Nc3 Bg7 5. Be2 d6 6. O-O Nf6 7. d3 O-O 8. Bg5
h6 9. Be3 a6 10. Qd2 g5 11. h4 g4 12. Nh2 h5 13. Bh6 Nh7 14. g3 Nd4 15. f3
Nxe2+ 16. Nxe2 gxf3 17. Rxf3 e5 18. Nc3 Be6 19. Nd5 Bxd5 20. cxd5 b5 21. Rf5
Ra7 22. Rxh5 Qf6 23. Rf1 Qg6 24. Rff5 Qxg3+ 25. Kh1 f6 26. Qe3 Qxe3 27. Bxe3
Rc7 28. Rf1 Rff7 29. Rhf5 c4 30. d4 a5 31. dxe5 fxe5 32. Bb6 Rxf5 33. Bxc7
Rxf1+ 34. Nxf1 Nf6 35. Ng3 Bf8 36. Bxa5 Kf7 37. Kg2 Kg6 38. Kf3 Nh5 39. Nf5 Ng7
40. Kg4 Nh5 41. Bc7 Nf6+ 42. Kf3 Ne8 43. Bd8 Kh5 44. Ne3 Bg7 45. Nc2 Bf6 46.
Bxf6 Nxf6 47. Na3 Kxh4 48. Nxb5 Ne8 49. Na3 Kg5 50. Nxc4 Kf6 51. b4 Ke7 52. b5
Kd7 53. b6 Kc8 54. a4 Kb8 55. Kg4 1-0